Discrete mathematics: mathematical reasoning and proof with puzzles, patterns, and games

Kaydedildi:
Detaylı Bibliyografya
Asıl Yazarlar: Ensley, Douglas E (Yazar), Crawley, J. Winston (Yazar)
Materyal Türü: Kitap
Dil:İngilizce
Baskı/Yayın Bilgisi: Hoboken John Wiley and Sons 2006
Konular:
Etiketler: Etiketle
Etiket eklenmemiş, İlk siz ekleyin!

MARC

LEADER 00000nam a2200000 a 4500
001 UCJ8925
003 CL-VaPUC
008 070126e20060000us |||||||||||||||||eng|d
020 |a 0471476021 
082 0 4 |a 510  |b ENS  |2 21 
100 0 |a Ensley, Douglas E  |e author  |9 518727 
700 0 |a Crawley, J. Winston  |e author  |9 518728 
245 1 0 |a Discrete mathematics: mathematical reasoning and proof with puzzles, patterns, and games 
300 |a 691 p 
942 |c BK 
945 |d 20070126 00:00:00  |a cmena 
260 |a Hoboken  |b John Wiley and Sons  |c 2006 
650 0 |a Matemática  |9 260235 
650 0 |a Razonamiento  |9 256520 
650 0 |a Proceso de datos   |9 259776 
650 0 |a Teoría de conjuntos   |9 265668 
650 0 |a Funciones (Matemáticas)  |9 338128 
650 0 |a Algoritmos   |9 260639 
650 0 |a Modelos matemáticos   |9 259437 
583 |a last modification  |c 20171116 02:17:56  |k Rodrigo Vera 
999 |c 324569  |d 324567 
952 |0 0  |1 0  |4 0  |6 510_000000000000000_ENS_2006  |7 0  |8 A  |9 404834  |a BIBING  |b BIBING  |d 2019-11-22  |i 431347K  |o 510 ENS 2006  |p 431347K  |r 2025-01-20  |w 2019-11-22  |y BK  |k EII